I tre esempi #3 - Statistics

Statistiche generali
  • Questo quiz è stato fatto 63 volte
  • Il punteggio medio è 12 su 20
Statistiche sulle risposte
3 esempi Soluzione % Corretto
Paprika, chiodo di garofano, curcuma Spezia
87%
Liscio, ondulato, riccio Capello
85%
Triceratopo, stegosauro, diplodoco Dinosauro
85%
Femore, zigomo, costola Osso
84%
Infettiva, autoimmune, genetica Malattia
78%
Trombone, chitarra, triangolo Strumento musicale
78%
Negroni, Long Island Iced Tea, Manhattan Cocktail
76%
Collana, anello, bracciale Gioiello
71%
Fonetico, cirillico, Morse Alfabeto
64%
Repubblica, monarchia, teocrazia Governo
64%
Tragedia, commedia, opera lirica Genere teatrale
58%
Incandescente, alogena, neon Lampadina
58%
Martello, tigre, mako Squalo
58%
Album, graphic novel, comic strip Fumetto
56%
Giumenta, stallone, colt Cavallo
55%
Pioggia, neve, grandine Precipitazione
49%
OLED, QLED, LED TV
49%
Zirconio, stagno, radon Elemento chimico
36%
Ricurvo, longbow, compound Arco
25%
Topazio, opale, smeraldo Gemma
25%
Nessun quiz corrispondente trovato
Distribuzione punteggi
Percentuale di utenti per punteggio
Percentile per numero di risposta
I tuoi punteggi nel tempo
Non hai fatto questo quiz